000 00329nam a2200133Ia 4500
008 240624s9999 xx 000 0 und d
041 _aeng
082 _a658.4092 GAS
100 _aGASKELL KEVIN
245 _aINSPIRED LEADERSHIP HOW YOU CAN ACHIEVE
260 _c2017
_aWest Sussex
_bWiley
300 _a280 p.
365 _c
_b28
999 _c30215
_d30215